Rudňanské šachty mieru závodný časopis zamestnancov rudňanských baní

Bibliographic Details
New Title:Banícke slovo
Previous Title:Hlas Rudňan
Format: Journal
Language:Slovak
PhysicalDescription:7 zv. 43 cm
Published: Rudňany ZO-KSS ZO-ROH ZS-ČSM Závodná správa SŽB 1953-1959
Subjects:

MARC

LEADER 00000cas a2200000 a 4500
001 vtls010302139
003 SK-MaSNL
005 20260228163044.0
008 141008d19531959xo sr|p 0 b0slo
040 |a SNK  |b slo  |c SNK  |e AACR2 
041 0 |a slo 
044 |a xo  |c SK 
072 7 |a 622  |x Baníctvo  |2 konspekt 
080 |a 662  |2 2001 
080 |a 050  |2 2001 
245 0 0 |a Rudňanské šachty mieru  |b závodný časopis zamestnancov rudňanských baní 
260 |a Rudňany  |b ZO-KSS  |b ZO-ROH  |b ZS-ČSM  |b Závodná správa SŽB  |c 1953-1959 
300 |a 7 zv.  |c 43 cm 
310 |a 2x mesačne 
362 0 |a Roč. I, č. 1 (1953)-roč. V, č. 24 (1959) 
500 |a Zmena podnázvu od č. 7/1957: podnikový časopis zamestnancov rudnianskych baní ; od č. 9/1958: závodný časopis zamestnancov rudnianskych baní 
500 |a Podnázov v tir. od č. 13/1955: časopis rudnianskych baníkov 
500 |a Redaktori sa menia 
500 |a Nadviazal na časopis Hlas Rudňan. Zlúčením s titulom: Banícike slovo a Hlas 9 šachiet vznikol: Banícke slovo 
500 |a Tlač. Košické tlačiarne, n. p., prev. v Spišskej Novej Vsi, od č. 13/(15. nov. 1953) sa tlač. neuvádza, od č. 18/(1. okt. 1954) Košické tlačiarne, n., zákl. záv. v Košiciach, od č. 21/(1. nov. 1954) sa neuvádza, od č. 8/(15. apr. 1955) Košické tlačiarne, n. p., prev. v Spišskej Novej Vsi, od č. 7/(15. apr. 1958) Východoslov. tlačiarne, n. p., prev. v Spišskej Novej Vsi 
515 |a Niektoré čísla vychádzajú ako dvojčíslo 
650 0 7 |a baníctvo  |2 SNKPH  |9 3571 
655 7 |a podnikové časopisy  |2 SNKPH  |9 265225 
780 0 0 |t Hlas Rudňan  |w vtls010301302 
785 1 7 |t Banícke slovo  |w vtls010299650 
910 |a snk 
916 |a 1953-1959 
999 |c 8809  |d 10739 
952 |0 0  |1 0  |4 0  |7 0  |a SNK  |b SNK  |d 2014-10-08  |f 1  |i snkČSP 1048/60  |l 0  |o snkČSA 334/5[7]/1959  |p 17A0764518  |r 2026-02-21 19:34:13  |t č. 1-24  |w 2026-02-21  |y PREZ 
952 |0 0  |1 0  |4 0  |7 0  |a SNK  |b SNK  |d 2014-10-08  |f 1  |i snkII. 1775/55  |l 0  |o snkČSA 334/2/1954  |p 17A0764513  |r 2026-02-21 19:34:14  |t č. 1-24  |w 2026-02-21  |y PREZ  |z mimoriadne číslo 7a, pri ročníku 2 je uvedené (V.) 
952 |0 0  |1 0  |4 0  |7 0  |a SNK  |b SNK  |d 2014-10-08  |f 1  |i snkČSP 387/56  |l 0  |o snkČSA 334/3/1955  |p 17A1046835  |r 2026-02-21 19:34:14  |t č. 1-22, neúplný  |w 2026-02-21  |y PREZ  |z mimoriadne číslo 6a, chýba č. 3, pri ročníku 3 je uvedené (VI.) 
952 |0 0  |1 0  |4 0  |7 0  |a SNK  |b SNK  |d 2014-10-08  |f 1  |i snkČSP 1059/58  |l 0  |o snkČSA 334/4/1956  |p 17A0764515  |r 2026-02-21 19:34:14  |t č. 1-22, neúplný  |w 2026-02-21  |y PREZ  |z chýba č. 11,12,13, od č. 9 je uvedený chybný ročník III., pri ročníku IV. je uvedené (VII.) 
952 |0 0  |1 0  |4 0  |7 0  |a SNK  |b SNK  |d 2014-10-08  |f 1  |i snkČSP 606/58  |l 0  |o snkČSA 334/4[5]/1957  |p 17A0764521  |r 2026-02-21 19:34:14  |t č. 1-24  |w 2026-02-21  |y PREZ 
952 |0 0  |1 0  |4 0  |7 0  |a SNK  |b SNK  |d 2014-10-08  |f 1  |i snkČSP 617/59  |l 0  |o snkČSA 334/5[6]/1958  |p 17A0764431  |r 2026-02-21 19:34:14  |t č. 1-24  |w 2026-02-21  |y PREZ 
952 |0 0  |1 0  |4 0  |7 0  |a SNK  |b SNK  |d 2014-10-08  |i snkČSP 388/56  |l 0  |o snkČSA 334/3/1955 D1  |p 17A0764514  |r 2026-02-21 19:34:14  |t č. 1-22, neúplný  |w 2026-02-21  |y PREZ  |z chýba č. 3, mimoriadne číslo 6a, pri ročníku 3 je uvedené (VI.) 
952 |0 0  |1 0  |4 0  |7 0  |a SNK  |b SNK  |d 2014-10-07  |f 1  |i snk 746/54  |l 0  |o snkČSA 334/1/1953  |p 17A0764512  |r 2026-02-21 19:34:18  |t č. 1-15  |w 2026-02-21  |y PREZ 
952 |0 0  |1 0  |4 0  |7 0  |8 5  |a SNK  |b SNK  |d 2021-09-28  |i snkČSF 647/56  |l 0  |o snkČSA 334/1/1953 D1  |p 17A1348102  |r 2026-02-21 19:59:35  |t č. 1-15  |w 2026-02-21  |y PREZ